|
|
|
|
| LEADER |
00000naa2a2200000 4500 |
| 001 |
423224 |
| 005 |
20231101073932.0 |
| 035 |
|
|
|a (RuTPU)RU\TPU\prd\81185
|
| 035 |
|
|
|a RU\TPU\prd\6196
|
| 090 |
|
|
|a 423224
|
| 100 |
|
|
|a 20100426a2002 k y0rusy50 ca
|
| 101 |
0 |
|
|a rus
|
| 102 |
|
|
|a RU
|
| 200 |
1 |
|
|a Спиновый полярон в двумерном антиферромагнетике - от локального синглета к сложной квазичастице
|f А. Ф. Барабанов, В. А. Михеенков, А. М. Белемук
|
| 225 |
1 |
|
|a Научные итоги
|
| 320 |
|
|
|a Библиогр.: 32 назв.
|
| 461 |
|
1 |
|0 (RuTPU)RU\TPU\prd\1483
|x 0370-274X
|t Письма в Журнал экспериментальной и теоретической физики
|o научно-теоретический журнал
|f Российская академия наук
|d 1970-
|
| 463 |
|
1 |
|0 (RuTPU)RU\TPU\prd\81161
|t Т. 75, вып. 1-2
|v с. 118-130
|d 2002
|
| 610 |
1 |
|
|a спиновые поляроны
|
| 610 |
1 |
|
|a антиферромагнетики
|
| 610 |
1 |
|
|a синглеты
|
| 610 |
1 |
|
|a квазичастицы
|
| 610 |
1 |
|
|a поляроны
|
| 610 |
1 |
|
|a локальный полярон
|
| 610 |
1 |
|
|a кондо-решётка
|
| 700 |
|
1 |
|a Барабанов
|b А. Ф.
|
| 701 |
|
1 |
|a Михеенков
|b В. А.
|
| 701 |
|
1 |
|a Белемук
|b А. М.
|
| 801 |
|
1 |
|a RU
|b 63413507
|c 20020910
|g PSBO
|
| 801 |
|
2 |
|a RU
|b 63413507
|c 20100426
|g PSBO
|
| 942 |
|
|
|c BK
|